000 00822nam a2200217 i 4500
001 35685
003 ES-MaACL
005 20251005063035.0
007 t|
008 030213s1984 sp ||||1| spa d
100 1 _aBrocá, Guillermo María de,
_d1850-1918
_931823
245 1 0 _aPráctica procesal civil
_b: textos legales, comentarios, formularios, jurisprudencia, bibliografía /
_cGuillermo Mª de Broca, Arturo Majada.
250 _a20ª ed.
260 _aBarcelona :
_bBosch,
_c[1984]
300 _a1 t. en 8 v. ;
_c24 cm.
505 8 _aContiene: T. I-VI: Procedimientos generales. -- T. VII: Procedimientos especiales. -- T: VIII: Indices
650 4 _aProcedimiento civil-
_zEspaña.
_916420
700 1 _aMajada, Arturo.
_975639
852 _aES-MaACL
_jB-972-9
_bR.106551
999 _c35685
_d35685